Budú zdroje z plánu obnovy? Ak nie, na dobiehanie Západu môžeme zabudnúť

Prognózy, ako sa bude ekonomike SR dariť v blízkej budúcnosti.

Enregistré dans:
Détails bibliographiques
Auteur principal: Morvay, Karol, 1973-
Format: Chapitre de livre
Langue:slovaque
Sujets:
Tags: Ajouter un tag
Pas de tags, Soyez le premier à ajouter un tag!

MARC

LEADER 00000naa a2200000 4500
001 0306982
005 20250828095859.2
041 0 |a slo 
044 |a SK 
245 1 0 |a Budú zdroje z plánu obnovy? Ak nie, na dobiehanie Západu môžeme zabudnúť  |c Karol Morvay 
520 |a Prognózy, ako sa bude ekonomike SR dariť v blízkej budúcnosti. 
610 2 0 |a ekonomika 
610 2 0 |a vývoj hospodársky 
610 2 0 |a prognózy hospodárske 
610 2 0 |a fondy Európskej únie 
610 2 0 |a konsolidácia 
610 2 0 |a Slovensko 
100 1 |a Morvay, Karol, 1973-